[Event "SCC Round Robin"]
[Site "?"]
[Date "1992.05.08"]
[Round "3"]
[White "Dietsch, K."]
[Black "Bailey, B."]
[Result "1/2-1/2"]
[WhiteElo "1812"]
[BlackElo "1827"]
[Annotator "Stockfish 12 (15s)"]
[PlyCount "104"]

{C21: Danish Gambit} 1. e4 e5 2. d4 exd4 3. Nf3 d5 4. e5 (4. Qxd4 Nc6 (4...
dxe4 5. Qxd8+ Kxd8 6. Ng5 Nh6 7. Bc4 Bb4+ 8. Nc3 Bf5 9. Bxf7 c6 10. O-O Rf8 11.
Be6 e3 12. Bxf5 exf2+ 13. Rxf2 Rxf5 14. Ne6+ Ke7 15. Rxf5 Nxf5 16. Nc7 Na6 17.
Nxa8 {1-0 (17) Hlavacek,J-Pliva,V Czechia 1996}) 5. Bb5 a6 6. Bxc6+ bxc6 7. O-O
Nf6 8. exd5 cxd5 9. Re1+ Be6 10. Ng5 Qd7 11. Qe3 O-O-O 12. Qa7 Qc6 13. Be3 Ne4
14. Nf3 Qb7 15. Qxb7+ Kxb7 16. c3 c5 17. Na3 a5 18. Nc2 Be7 {
Mandarin,V (2130)-Zarrouati,P (2200) France 1989 0-1 (75)}) 4... c5 $146 (4...
Nc6 5. Bb5 Bb4+ 6. c3 dxc3 7. O-O c2 8. Qxc2 Nge7 9. a3 Bf5 10. Qa4 Bc5 11. Bg5
Bd7 12. Qh4 h6 13. b4 Bb6 14. Bxc6 Bxc6 15. Nc3 d4 16. Rad1 Bxf3 17. gxf3 Qd7
18. Bxe7 g5 19. Bxg5 {De Saint Amant,P-Stanley,C New York 1852 1-0 (36)}) 5.
Be2 (5. c3 dxc3 6. Nxc3 Be6 $17) 5... Nc6 6. O-O Be7 (6... Nge7 7. c3 dxc3 8.
Nxc3 $17) 7. h3 (7. c3 dxc3 8. Nxc3 $15) 7... f6 $4 (7... Nh6 8. a3 O-O 9. Bxh6
gxh6 10. b4 $19) 8. Bf4 (8. Bb5 $142 Bd7 9. Bxc6 bxc6 10. Qe2 $11) 8... fxe5
$17 9. Nxe5 Nxe5 (9... Nf6 $142 10. Bh5+ g6 $19) 10. Bxe5 $11 Nf6 11. Bh5+ g6
12. Re1 (12. Bf3 $142 $5 O-O 13. c3 dxc3 14. Nxc3 $11) 12... O-O $17 (12...
gxh5 $4 13. Bxf6 Kf8 14. Bxe7+ Qxe7 15. Rxe7 Kxe7 16. Na3 $18) 13. Bf3 Bf5 14.
Nd2 Qd7 15. c4 dxc3 16. bxc3 Rad8 17. g4 (17. c4 dxc4 18. Nxc4 b5 $15) 17...
Be6 (17... Bd3 $142 $5 $19) 18. Qe2 $17 Bf7 19. Nb3 $2 (19. Bg2 $142 $5 $17)
19... b6 $19 20. Qd2 (20. Nd2 h5 21. gxh5 Qxh3 22. hxg6 Bxg6 $19) 20... Ne8 (
20... d4 21. Qh6 Ne8 22. Nd2 $19) 21. Bf4 $6 (21. Nc1 d4 22. cxd4 $19) 21...
Bf6 22. Re2 (22. Rad1 Nd6 23. Bg2 Qa4 $19) 22... Nc7 (22... d4 23. cxd4 c4 24.
Bh6 cxb3 25. Bxf8 $19) 23. Rae1 (23. Rc1 Nb5 24. Bh6 Rfe8 $19) 23... Nb5 24.
Be5 Bxe5 25. Rxe5 Rfe8 (25... d4 $142 26. Re7 Qd6 27. cxd4 c4 $19) 26. Rxe8+
$11 Bxe8 27. Bxd5+ Bf7 28. Bxf7+ Kxf7 29. Qf4+ Kg8 30. Qc4+ Kg7 31. a4 Nd6 32.
Qf4 (32. Qd5 Nf7 33. Qxd7 Rxd7 $11) 32... Qf7 (32... Nf7 33. Qe4 $15) 33. Qe5+
(33. Qxf7+ Kxf7 34. Nd2 Re8 $11) 33... Qf6 (33... Kg8 34. Qg5 Rf8 35. Qd2 $15)
34. Qe7+ (34. Qxf6+ Kxf6 35. Nd2 Re8 $11) 34... Qxe7 (34... Nf7 $142 $5 35. Qe3
Ng5 36. Qe7+ Qxe7 37. Rxe7+ Kf6 38. Rxa7 Nxh3+ 39. Kh2 Nxf2 $15) 35. Rxe7+ $11
Kf6 36. Rxa7 Ne4 37. Ra6 {White intends a5} Rd6 38. a5 bxa5 39. Rxd6+ Nxd6 40.
Nxa5 c4 41. f3 Nb5 42. Nxc4 Nxc3 43. Kf2 Nd5 44. h4 h6 45. Ne3 Nf4 46. Ng2 Nd5
47. f4 g5 48. f5 gxh4 49. Nxh4 Ne7 50. Nf3 Nxf5 51. Ke2 h5 52. g5+ Kg6 1/2-1/2

[Event "SCC Round Robin"]
[Site "?"]
[Date "1992.05.15"]
[Round "4"]
[White "Bailey, B."]
[Black "Umipeg, G."]
[Result "1/2-1/2"]
[WhiteElo "1827"]
[BlackElo "1808"]
[Annotator "Stockfish 12 (15s)"]
[PlyCount "86"]

{B40: Sicilian: 2...e6, Unusual lines} 1. e4 e6 2. d4 c5 3. Nf3 cxd4 4. Nxd4
Nf6 5. Nc3 Bc5 6. e5 $146 (6. Be3 Bxd4 (6... Bb4 7. Bd3 e5 8. Nf5 d5 9. Nxg7+
Kf8 10. Bh6 Kg8 11. Nh5 Ng4 12. Bd2 Qh4 13. Ng3 Bc5 14. Rf1 Nxh2 15. Rh1 h5 16.
Nxd5 Bg4 17. Qc1 {1-0 (17) Padevsky,N-Canal,E Reggio Emilia 1961}) 7. Bxd4 O-O
8. Bc4 Nc6 9. Be3 b6 10. Qe2 Na5 11. Bd3 Bb7 12. O-O-O Rc8 13. g4 Qe7 14. g5
Ne8 15. Rhg1 Nd6 16. Qh5 Ndc4 17. g6 fxg6 18. Bg5 Qb4 {
0-1 (18) Georgiou,H-Michelakos,P (1887) Athens 2006}) (6. Na4 Qa5+ 7. Nc3 Qb6
8. Na4 Qa5+ 9. Nc3 Qb6 {1/2-1/2 (9) Kengis,E (2575)-Kveinys,A (2525) Bonn 1995}
) (6. Nb3 Bb4 7. e5 Nd5 8. Qg4 Kf8 9. Bd2 d6 10. exd6 Nc6 11. O-O-O Qxd6 12.
Nxd5 exd5 13. Qh4 Bxd2+ 14. Rxd2 Be6 15. f4 a5 16. Qf2 a4 17. Nd4 a3 18. b3
Nxd4 19. Qxd4 Rc8 20. g4 h5 {Kuijpers,F-Canal,E Beverwijk 1963 1-0 (43)}) 6...
Ng8 $4 (6... Qb6 7. Ndb5 (7. exf6 $6 Bxd4 8. fxg7 Bxf2+ 9. Ke2 Rg8 $11) 7... a6
8. Qf3 (8. exf6 $6 Bxf2+ 9. Ke2 axb5 10. fxg7 Rg8 $11) 8... axb5 9. exf6 gxf6
10. Bxb5 $18) 7. Nb3 (7. Ne4 $142 Be7 8. Nb5 Kf8 $18) 7... Bb4 (7... Bf8 8. Bd2
$18) 8. Bd2 (8. Qg4 $5 Bf8 9. Bf4 h5 $18) 8... Nc6 9. a3 (9. Qg4 $5 Kf8 10. Bb5
h5 $18) 9... Bxc3 $16 10. Bxc3 (10. bxc3 $143 Nxe5 11. c4 Nf6 $17) 10... Nge7
11. Bb5 (11. Bc4 O-O 12. Qd6 a5 $16) 11... O-O (11... Nd5 12. Qd2 O-O 13. f4
$16) 12. Qe2 b6 (12... Nd5 13. Bd2 $16) 13. O-O-O Bb7 (13... Nd5 $142 14. Bd2
f6 $18) 14. Nd4 $4 (14. Kb1 $142 $18) 14... Nd5 $11 15. Nxc6 dxc6 16. Bc4 (16.
Bd3 Nxc3 17. Bxh7+ (17. bxc3 $6 Qg5+ 18. Kb2 c5 $11) 17... Kh8 18. Qg4 $11)
16... Nxc3 $17 17. bxc3 Qe7 18. Kb2 a5 (18... b5 19. Bd3 c5 20. Bxb5 $17) 19.
a4 $2 (19. Rd6 $142 $5 b5 20. Bd3 $11) 19... Rfb8 (19... b5 20. Bd3 $17) 20.
Rhg1 (20. Ka2 b5 $1 21. Bd3 bxa4 $15) 20... b5 $1 21. axb5 $4 (21. Bd3 $142 $17
) 21... cxb5 $19 22. Ba2 b4 23. c4 a4 24. Rd6 (24. Rd3 Qc5 25. Rb1 Bxg2 $19)
24... b3 25. cxb3 axb3 26. Bxb3 Bc6 $1 27. Rb1 (27. Rxc6 Qb7 {
Decoy Double attack}) 27... Ba4 (27... Qb7 28. Kc3 Ra3 29. Qb2 Qb4+ 30. Kd4 $19
) 28. Kc2 (28. Kc3 Qa7 29. Qa2 Qa5+ 30. Kd4 $19) 28... Qb7 (28... Rxb3 29. Rxb3
Rb8 30. Qe3 Bxb3+ 31. Qxb3 Rxb3 32. Kxb3 Qb7+ 33. Kc3 $19) 29. Qf3 Qb4 (29...
Qc7 $142 30. Rd4 Qxe5 31. Qd3 $19) 30. Qc3 Qb7 31. Qf3 (31. f3 Qa7 32. Bxa4
Qxa4+ 33. Kc1 Rxb1+ 34. Kxb1 Rb8+ 35. Kc1 $19) 31... Qa7 32. Rd3 Qc5 33. Qf4 (
33. Bxa4 Qxc4+ 34. Kd2 Qa2+ 35. Bc2 Rxb1 36. Qxa8+ Qxa8 37. Bxb1 $19) 33... Rc8
(33... Rb4 $142 34. Kd1 Rab8 $19) 34. Kd2 $11 Bxb3 35. Rdxb3 Ra2+ 36. R1b2 Qa5+
37. Ke2 Rd8 38. f3 (38. Qe3 h6 $11) 38... Ra1 39. Rd2 Ra2 40. Rbd3 Rxd3 41.
Kxd3 Ra1 42. Ke2 h6 43. Qd4 Kh7 1/2-1/2

[Event "Washington Open"]
[Site "?"]
[Date "1992.05.23"]
[Round "2"]
[White "Bailey, B."]
[Black "Ciano, A."]
[Result "1/2-1/2"]
[WhiteElo "1812"]
[BlackElo "1972"]
[Annotator "Stockfish 14 (15s)"]
[PlyCount "140"]

{C02: French: Advance Variation} 1. e4 e6 2. d4 d5 3. e5 c5 4. c3 Bd7 5. Nf3
Qb6 6. Qc2 Na6 $146 (6... Nc6 7. Be3 Rc8 (7... cxd4 8. cxd4 Rc8 9. Nc3 Nge7 10.
a3 Nf5 11. Rd1 Na5 12. Qb1 Nxe3 13. fxe3 Nc4 14. Bxc4 Rxc4 15. O-O Bxa3 16.
Nxd5 Qxb2 17. Qxb2 Bxb2 18. Nf4 O-O 19. Rb1 Ba3 20. Rxb7 Bc6 21. Rxa7 Bc1 22.
Re1 {Shamiyeh,S-Makhlouf,Y Beirut 2004 1/2-1/2}) 8. dxc5 (8. Qd2 cxd4 9. cxd4
Nge7 10. Bd3 Nb4 11. b3 Nxd3+ 12. Qxd3 Bb5 13. Qd2 Nc6 14. Nc3 Ba6 15. Na4 Qb5
16. Rc1 Bb4 17. Nc3 Qa5 18. Qc2 Nxe5 {
0-1 (18) Pelttavi,J-Tolonen,L (2340) Jyvaskyla 1991}) 8... Bxc5 9. Bxc5 Qxc5
10. Nbd2 Nh6 11. h3 Nf5 12. Nb3 Nfd4 13. Nfxd4 Nxd4 14. Qd2 Nxb3 15. axb3 Qb6
16. Bd3 a6 17. b4 Bb5 18. O-O O-O 19. Kh1 Bxd3 20. Qxd3 Rc4 21. Rae1 {
Sieber,W (1866)-Arocha,C Davos 2005 1/2-1/2}) (6... Bb5 7. Bxb5+ Qxb5 8. Na3
Qb6 9. Be3 Nc6 10. O-O cxd4 11. cxd4 Nge7 12. Qb3 Qxb3 13. axb3 Kd7 14. Nc2 Ng6
15. g3 f6 16. exf6 gxf6 17. Rfd1 Bg7 18. h4 h5 19. Nce1 Rhc8 20. Nd3 b6 21. Nf4
{Valero Rubio,J-Sequera Paolini,J Lomas de Zamora 1984 0-1 (45)}) (6... cxd4 $5
7. Nxd4 f6 $15) 7. Be2 Nh6 $2 (7... cxd4 8. cxd4 Nb4 9. Qd2 $11) 8. Nbd2 (8.
Bxh6 $5 gxh6 9. O-O $16) 8... cxd4 (8... Nf5 $142 $5 9. Nb3 Ba4 $11) 9. Nxd4
$16 Rc8 (9... Nb4 10. Qd1 Bc5 $16) 10. Qb3 (10. N2f3 $142 $18) 10... Qc7 $14
11. N2f3 (11. Bxa6 $5 bxa6 12. N2f3 $11) 11... Nc5 $15 12. Qc2 (12. Qd1 $142
Ng4 13. Nb5 $11) 12... a6 $4 (12... Ng4 $142 13. Nb5 Qb8 $17) 13. O-O Ng4 (
13... Nf5 $5 14. Nxf5 exf5 $16) 14. Bf4 h5 (14... Nf6 15. a4 $16) 15. h3 $18
Nh6 (15... Nf6 16. Rac1 Nfe4 17. c4 $18) 16. Rfe1 g6 17. Rac1 b5 (17... Nf5 18.
c4 Ne4 19. Qb3 $18) 18. b3 (18. b4 Na4 19. Bd3 Nf5 20. Bxf5 gxf5 $18) 18... Be7
19. c4 (19. b4 $142 Ne4 20. Bd3 $18) 19... dxc4 $14 20. bxc4 b4 21. Qd2 (21.
Bd2 $5 Rb8 22. Rb1 $14) 21... Nf5 $11 22. Nxf5 (22. Qxb4 $143 Nd3 23. Qxe7+
Nxe7 24. Bxd3 Bc6 $17) 22... gxf5 23. Nd4 Ne4 24. Qd3 Bc5 25. Rf1 $2 (25. Bf3
$142 Bc6 26. Rxe4 (26. Nxc6 $2 Nxf2 27. Qb3 Nxh3+ 28. Kf1 Nxf4 29. Nxb4 Qb6 30.
Qa4+ Kf8 31. Nxa6 Kg7 $19) 26... fxe4 27. Bxe4 $11) 25... Bc6 $4 (25... Qa7
$142 26. Be3 Ba4 $19) 26. Nxc6 $16 Qxc6 27. Bf3 Rd8 28. Qc2 (28. Qe2 $5 Rg8 29.
Rcd1 Ke7 30. Rxd8 Kxd8 $18) 28... Rg8 29. Rce1 a5 30. Bxe4 (30. Kh2 $5 $16)
30... fxe4 $11 31. Qxe4 $4 (31. Rxe4 $142 Rd4 32. Rfe1 $11) 31... Qxe4 $19 32.
Rxe4 Rd3 $4 (32... Kd7 $142 $19) 33. Be3 $11 Bxe3 34. fxe3 Rg5 35. g4 hxg4 36.
hxg4 Rc3 (36... Rg7 37. Kg2 $11) 37. Kg2 Rg7 38. Kf3 Rh7 39. Rf2 Rh3+ 40. Kf4
Rh1 41. Kg5 a4 42. Ref4 Rh7 43. c5 Rxe3 44. Rxb4 Rxe5+ 45. Kf4 Rxc5 46. Rxa4
Rh3 47. Rb2 Rhc3 48. Ra7 e5+ 49. Ke4 R3c4+ 50. Kf3 Rf4+ 51. Kg3 Rc3+ 52. Kh4
Kf8 53. Re2 Rcc4 54. Rxe5 Rxg4+ 55. Kh3 Ra4 56. Rxa4 Rxa4 57. Re2 Kg7 58. Kg3
Kf6 59. Kf3 Kf5 60. Rb2 Ra3+ 61. Kf2 Kg5 62. Kg2 f5 63. Kf2 Kg4 64. Kg2 f4 65.
Rc2 Rd3 66. Rb2 Re3 67. Rc2 Rg3+ 68. Kf1 Ra3 69. Rb2 f3 70. Rb8 Rxa2 1/2-1/2

[Event "Washington Open"]
[Site "?"]
[Date "1992.05.24"]
[Round "4"]
[White "Hackworth, T."]
[Black "Bailey, B."]
[Result "0-1"]
[WhiteElo "1790"]
[BlackElo "1812"]
[Annotator "Stockfish 14 (15s)"]
[PlyCount "58"]

{C59: Two Knights: 4 Ng5 d5 5 exd5 Na5 5 Bb5+ c6 6 dxc6 bxc6 7 Be2} 1. e4 e5 2.
Nf3 Nc6 3. Bc4 Nf6 4. Ng5 d5 5. exd5 Na5 6. Bb5+ c6 7. dxc6 bxc6 8. Be2 Bc5 9.
d3 O-O 10. Nc3 Qc7 $146 (10... h6 11. Nge4 Bb6 (11... Nxe4 12. Nxe4 Be7 13. O-O
Nb7 14. Kh1 Nd6 15. Bf3 Bf5 16. Be3 Nxe4 17. Bxe4 Bxe4 18. dxe4 a6 19. Qg4 Bg5
20. Rad1 Qf6 21. Bxg5 Qxg5 22. Qxg5 hxg5 23. Rd6 Rac8 24. Rfd1 Rfe8 25. Kg1 f6
26. h3 {Fischer,R-Gould,D Houston 1964 1-0 (38)}) 12. O-O Bb7 (12... Nd5 13.
Bd2 Re8 14. Bf3 Nb7 15. Ng3 Nc5 16. a3 Ne6 17. b4 Bb7 18. Nxd5 cxd5 19. c4 Rb8
20. Bc3 Nd4 21. Bxd4 Bxd4 22. Rb1 e4 23. dxe4 dxc4 24. Nf5 Be5 25. Qxd8 Rbxd8
26. Rbd1 Kf8 27. Rfe1 {
Busch,C (1155)-Riedel,K (1342) Greifswald 2001 1/2-1/2 (62)}) 13. b4 Bd4 14.
Rb1 c5 15. bxa5 Bxe4 16. Nxe4 Nxe4 17. dxe4 Qf6 18. Bf3 Rad8 19. Qe1 Rd6 20. c3
Rfd8 21. cxd4 Rxd4 22. Bb2 Rd3 23. Rd1 Qg6 24. Rxd3 Rxd3 25. Qe2 {
Grienitz Dechau,K (1939)-Lemonidis,P (988) Frankfurt 2005 1-0 (34)}) (10... Nd5
11. O-O Rb8 12. Na4 Be7 13. Ne4 f5 14. Nec5 Bd6 15. c3 Qh4 16. Bf3 Nb7 17. Na6
Ra8 18. c4 Ne7 19. c5 Bb8 20. Nxb8 Rxb8 21. Bd2 Nd5 22. Re1 Re8 23. b4 Qf6 24.
b5 Bd7 25. Bxd5+ {Berenyi,T (2070)-Pasztor,F (2250) Hungary 1994 1/2-1/2 (44)})
(10... Nd5 11. O-O $16) 11. Nge4 (11. O-O $5 Nb7 $18) 11... Nxe4 $16 12. Nxe4
Bb6 (12... Be7 13. O-O f5 14. Nc3 $16) 13. O-O Nb7 (13... c5 14. Bf3 Bb7 15.
Nd2 $16) 14. Kh1 (14. Be3 f5 15. Nd2 Bxe3 16. fxe3 Nd6 $16) 14... f5 15. Nc3
Qe7 {Black intends e4} (15... Nc5 16. b4 Ne6 17. Na4 $16) 16. f4 $18 e4 17.
dxe4 fxe4 18. Bc4+ (18. b3 $142 $5 $16) 18... Kh8 19. Re1 $4 {
Attacks the isolani on e4} (19. b3 $142 $14) 19... Nd6 $17 20. Qe2 $4 (20. Bf1
$142 Bf2 21. Bd2 $19) 20... Bf5 (20... Qh4 $142 21. Nxe4 Bg4 22. Nxd6 Bxe2 23.
Rxe2 Rad8 $19) 21. Bb3 $4 (21. Ba6 $142 $11) 21... Qh4 $19 22. Be3 (22. g3 Qh3
23. Be3 Bg4 $19) 22... Bg4 23. g3 $4 (23. Qd2 Rad8 24. Bxb6 axb6 25. Rf1 $19)
23... Bxe2 24. gxh4 Bf3+ (24... Bxe3 25. Rxe2 (25. Nxe2 $143 g6 $15) 25... Bxf4
26. Nxe4 $14) 25. Kg1 Rxf4 26. Bxb6 axb6 (26... Rg4+ 27. Kf2 axb6 28. h5 $19)
27. Ne2 (27. h3 Rxh4 28. Be6 Rf8 $19) 27... Rxh4 28. Ng3 Rg4 29. Kf2 Rf8 0-1

[Event "Washington Open"]
[Site "?"]
[Date "1992.05.24"]
[Round "5"]
[White "Bailey, B."]
[Black "Dubach, J."]
[Result "1-0"]
[WhiteElo "1812"]
[BlackElo "1865"]
[Annotator "Stockfish 14 (15s)"]
[PlyCount "71"]

{C88: Closed Ruy Lopez: Anti-Marshall Systems} 1. e4 e5 2. Nf3 Nc6 3. Bb5 a6 4.
Ba4 Nf6 5. O-O Be7 6. Re1 b5 7. Bb3 O-O 8. a4 Bb7 9. d3 d6 10. c3 Na5 11. Bc2
c5 12. d4 cxd4 13. cxd4 exd4 $146 (13... Nc6 14. d5 Nb8 15. axb5 axb5 16. Rxa8
Bxa8 17. Bd3 Qb6 18. Be3 Qa5 19. Bd2 Qb6 20. Qb3 Nbd7 21. Be3 Nc5 22. Bxc5 Qxc5
23. Qxb5 Qc7 24. Qc4 Qb7 25. b4 Nd7 26. Rc1 Nb6 27. Qa6 Bd8 28. Na3 {
Frick,D (1907)-Amadasun,R (1984) Turin 2006 1-0 (60)}) (13... b4 14. Nbd2 Qb6
15. b3 Nd7 16. Nf1 Rac8 17. Bb2 exd4 18. Bxd4 Qc7 19. Rc1 Ne5 20. Ne3 Bf6 21.
Nd5 Bxd5 22. exd5 Nxf3+ 23. Qxf3 Qd8 24. Qe4 g6 25. Bxf6 Qxf6 26. Qxb4 Qc3 27.
Qb6 Rfe8 28. Rf1 {Arencibia,W (2560)-Murshed,N (2510) Cienfuegos 1991 1/2-1/2})
(13... Qc7 14. Bd3 Rfc8 15. Bg5 b4 16. Nbd2 h6 17. Bh4 Nh7 18. Bxe7 Qxe7 19.
Qe2 Nf8 20. Rac1 Ne6 21. Qe3 exd4 22. Nxd4 Nxd4 23. Qxd4 Nc6 24. Qb6 a5 25. Bb5
Ne5 26. f3 Rcb8 27. Rc7 Qd8 28. Rec1 {
Brazdil,R (1860)-Neuschl,Z (2145) Moravia 1997 1/2-1/2 (32)}) 14. Nxd4 Nc6 $2 (
14... b4 $5 15. Nf5 Re8 $14) 15. Nf5 $16 Qc7 $4 (15... Re8 $142 $5 16. Nc3 Bf8
17. axb5 axb5 18. Rxa8 Bxa8 $16) 16. Nxe7+ (16. Nc3 $142 Nb4 17. Bb1 $18) 16...
Qxe7 17. Nc3 Na7 $4 (17... Rfe8 $142 18. axb5 axb5 19. Rxa8 Bxa8 20. Nxb5 d5
$18) 18. Bf4 Rfd8 (18... Rfe8 19. Bxd6 Qd7 20. e5 $18) 19. Nd5 Nxd5 20. exd5
Qf6 (20... Qh4 21. Be3 Rf8 22. Bd4 $18) 21. Qd2 (21. Be3 Re8 22. Bxa7 Rxe1+ 23.
Qxe1 Qxb2 $18) 21... h6 (21... Rdc8 22. Bd3 h6 23. Be3 Bxd5 24. axb5 Nxb5 25.
Bxb5 axb5 26. Qxd5 Rxa1 27. Rxa1 Qxb2 28. Qd1 $18) 22. Qd3 g5 (22... g6 23. Bd2
Rac8 24. Ba5 $18) 23. Qh7+ (23. Bd2 $142 $5 Rac8 24. Bc3 Rxc3 25. bxc3 Kf8 $18)
23... Kf8 24. Bd2 Qg7 (24... Rac8 25. Be3 Qxb2 26. Bxa7 $18) 25. Qd3 Re8 (25...
Rac8 26. Bc3 Rxc3 27. bxc3 $18) 26. Bc3 Qg8 (26... f6 27. Qf5 Rad8 28. Bxf6 Qf7
$18) 27. Qh3 f6 28. Bxf6 Rxe1+ 29. Rxe1 Re8 30. Qxh6+ Kf7 31. Qh5+ Kxf6 32.
Rxe8 Qxe8 33. Qxe8 Bxd5 34. Qg6+ Ke5 (34... Ke7 35. Qxg5+ Kd7 36. Qxd5 Nc6 37.
Qf7+ Ne7 38. Bf5+ Kc6 39. Qxe7 bxa4 40. Bd7+ Kc7 41. Bxa4+ Kb6 42. Qxd6+ Kb7
43. Qc6+ Kb8 44. Bb3 a5 45. Qb6+ Kc8 46. Be6#) 35. Qxg5+ Kd4 (35... Ke6 36.
Qf5+ Ke7 37. Qxd5 bxa4 38. Bf5 Nc6 39. Qxc6 a3 40. Qd7+ Kf6 41. Qe6+ Kg7 42.
Qe7+ Kg8 43. Be6+ Kh8 44. Qf8+ Kh7 45. Bf5#) 36. Qe3+ (36. Qe3+ Kc4 37. Qc3#)
1-0

[Event "Washington Open"]
[Site "?"]
[Date "1992.05.25"]
[Round "6"]
[White "Milligan, K."]
[Black "Bailey, B."]
[Result "0-1"]
[WhiteElo "1956"]
[BlackElo "1812"]
[Annotator "Stockfish 14 (15s)"]
[PlyCount "58"]

{C50: Hungarian Defence and Giuoco Pianissimo} 1. e4 e5 2. Nf3 Nc6 3. Bc4 Bc5
4. d3 d6 5. Ng5 Nh6 6. Nc3 Na5 (6... O-O 7. O-O (7. h3 a6 8. Qh5 Qf6 9. O-O g6
10. Qxh6 Qg7 11. Qh4 Nd4 12. Bb3 Bb4 13. Nd5 Ne2+ 14. Kh1 Nxc1 15. Raxc1 Bd2
16. Rcd1 Bxg5 17. Qxg5 c6 18. Nb6 Rb8 19. Nxc8 Rbxc8 20. Qe7 d5 21. Qxb7 dxe4 {
Kuna,S (1738)-Grguric,S (1600) Osijek 2005 1-0}) 7... Bg4 8. Nf3 Nd4 9. Bxh6
gxh6 10. Nd5 c6 11. Ne3 h5 12. Nxg4 hxg4 13. Nd2 d5 14. Qxg4+ Kh8 15. exd5 cxd5
16. Bb3 Rg8 17. Qh5 Rg5 18. Qxf7 Rg7 19. Qxd5 Qg5 20. Rfd1 Rd8 21. Qe4 {
Rodriguez,D-Gutierrez Torres,R (2205) Spain 1999 1-0 (33)}) 7. O-O $146 (7. Nf3
Nxc4 8. dxc4 Be6 9. Bxh6 gxh6 10. Qd3 Rg8 11. Rg1 c6 12. Ke2 Qf6 13. Na4 O-O-O
14. Nxc5 dxc5 15. Qc3 Rg4 16. Nd2 Rxd2+ 17. Kxd2 Qxf2+ 18. Kd3 Rxe4 19. Kxe4
Qe2+ 20. Qe3 f5+ 21. Kxe5 Qxe3+ {Staub,F-Schmitz,W Wuerzburg 1995 0-1}) (7. Bb3
Nxb3 8. axb3 Ng4 $11) 7... Nxc4 $15 8. dxc4 a6 (8... f6 9. Qh5+ Kf8 10. Nf3 $11
) 9. h3 O-O (9... f6 10. Nf3 Nf7 11. Qd3 $11) 10. Kh1 (10. Nf3 Be6 11. Qe2 f5
12. Bxh6 gxh6 13. exf5 Bxf5 $11) 10... f5 (10... Bd4 11. Qd3 Bxc3 12. Qxc3 $15)
11. f4 (11. exf5 Bxf5 (11... Rxf5 $2 12. Nce4 Qe8 13. Qd5+ Nf7 14. g4 $18) 12.
Nce4 Ba7 13. Qd5+ Kh8 $14) 11... Nf7 12. Nxf7 Rxf7 13. fxe5 Qf8 (13... Be6 $5
14. Qe2 dxe5 15. exf5 Bxf5 $15) 14. exd6 $14 Bxd6 15. Bf4 fxe4 $4 (15... Bxf4
$142 16. Rxf4 Be6 $14) 16. Bxd6 $18 Rxf1+ 17. Qxf1 Qxd6 18. Rd1 Qe7 19. Nd5 Qg5
$2 (19... Qh4 20. Nxc7 Rb8 $18) 20. Nxc7 Rb8 21. Nd5 (21. c5 $142 $5 h6 22.
Qc4+ Kh7 23. Qxe4+ Bf5 $18) 21... Be6 22. Rd4 Rf8 23. Qg1 $4 (23. Qe2 $5 b5 24.
Rxe4 Bxd5 25. cxd5 Qxd5 $18) 23... Qh4 (23... Bxd5 24. cxd5 e3 25. Re4 $11) 24.
Rd2 (24. Qe3 $142 $5 Rf1+ 25. Kh2 Bxd5 26. cxd5 $16) 24... Bxh3 $11 25. g3 $4 (
25. gxh3 $5 Qxh3+ 26. Rh2 Qf3+ 27. Rg2 Qh3+ 28. Rh2 Qf3+ 29. Rg2 Qh3+ 30. Rh2
$11) 25... Qg4 (25... Qh5 $5 26. Nf4 Qf3+ 27. Kh2 $19) 26. Ne3 $4 (26. Ne7+
$142 Kh8 27. Qf2 $15) 26... Qf3+ $19 27. Kh2 Rf6 (27... Qh5 $142 28. Qe1 Be6+
29. Kg1 Qe5 $19) 28. Rd8+ $4 (28. Qd1 $142 $15) 28... Kf7 $19 29. Nd5 Rh6 (
29... Rh6 30. Rf8+ Kxf8 31. Qc5+ Kg8 32. Ne7+ Kf7 33. Qd5+ Be6+ 34. Qh5+ Rxh5+
35. Kg1 Rh1#) 0-1

[Event "Washington Open"]
[Site "?"]
[Date "1992.05.25"]
[Round "7"]
[White "Bailey, B."]
[Black "Kenny, J."]
[Result "1/2-1/2"]
[WhiteElo "1812"]
[BlackElo "1914"]
[Annotator "Stockfish 14 (15s)"]
[PlyCount "68"]

{B40: Sicilian: 2...e6, Unusual lines} 1. e4 c5 2. Nf3 e6 3. d4 cxd4 4. Nxd4
Nf6 5. Bd3 d5 6. exd5 Nxd5 7. O-O Nd7 $146 (7... Bc5 8. Nb3 Be7 9. N1d2 O-O 10.
Qh5 g6 11. Qf3 Nc6 12. Re1 Bf6 13. Ne4 Bg7 14. Bg5 Ne5 15. Qg3 Qc7 16. c4 Nxd3
17. Qxd3 Nb6 18. Nf6+ Kh8 19. Qh3 h5 20. Re4 Bxf6 21. Bxf6+ Kg8 22. Rh4 {
Mladenovic,J (2019)-Matovic,M Belgrade 1999 1-0 (60)}) (7... Be7 8. Re1 (8. c3
O-O 9. Nd2 Nd7 10. N2f3 a6 11. Re1 g6 12. Bh6 Re8 13. Qe2 Bf6 14. Rad1 Qc7 15.
Qe4 Re7 16. Bg5 Bxg5 17. Nxg5 N7f6 18. Qh4 Kg7 19. c4 Qf4 20. Qxf4 Nxf4 21. Bf1
e5 22. g3 N4h5 {Mamedov,N (2521)-Lazaro,L (1928) Balaguer 2006 0-1 (64)}) 8...
O-O 9. c3 {1/2-1/2 (9) Asik,J (2313)-Kosanovic,D (2339) Belgrade 2004} Nd7 10.
Nd2 N7f6 11. N2f3 Qb6 12. Qe2 a6 13. Ne5 Bc5 14. Ndf3 Rd8 15. a3 Qc7 16. c4 Ne7
17. b4 Bd4 18. Nxd4 Rxd4 19. Bb2 Rd8 20. Rad1 Ng6 21. Bxg6 hxg6 22. Rxd8+ Qxd8
23. Rd1 Qe7 24. Qe3 {Koscielny,E (1884)-Gaillard,B (1941) Bethune 2005 1-0 (58)
}) 8. c4 N5f6 9. Nc3 Ne5 10. Be2 Be7 11. Be3 O-O 12. h3 Bd7 13. Qc2 (13. Qb3
Qc7 $14) 13... Rc8 $11 14. Rfd1 (14. Qb3 $142 $5 $11) 14... Nxc4 $17 15. Bf4 (
15. Bxc4 Rxc4 16. Qe2 Rc8 $17) 15... Nb6 (15... Qb6 $5 16. Bxc4 Rxc4 $19) 16.
Qb3 Nbd5 17. Nxd5 Nxd5 18. Bg3 Qb6 19. Qxb6 (19. Bf3 Bf6 20. Bxd5 exd5 21. Qxb6
axb6 $17) 19... Nxb6 (19... axb6 $142 20. Bf3 Bc6 $17) 20. Rac1 $2 (20. Bf3
$142 Bf6 21. Bxb7 $15) 20... Bf6 21. Rxc8 Rxc8 (21... Nxc8 $6 22. Bf3 Rd8 23.
Bc7 $15) (21... Bxc8 $6 22. Nb5 Bd7 23. Nxa7 $17) 22. b3 Bxd4 (22... a6 $142 $5
$19) 23. Rxd4 $17 Bc6 24. f3 Bd5 25. Rd2 Nd7 26. Bf2 a6 27. Be3 Ne5 28. Kf2 f6
29. f4 Nc6 (29... Nf7 30. Bd3 $15) 30. f5 $11 Ne5 31. fxe6 Bxe6 32. Bf3 (32.
Bd4 $142 $5 $11) 32... Nxf3 $17 33. Kxf3 Kf7 34. Kf2 (34. g4 g5 $17) 34... g6
1/2-1/2

[Event "SCC Swiss"]
[Site "?"]
[Date "1992.06.05"]
[Round "?"]
[White "Deitsch, K."]
[Black "Bailey, B."]
[Result "1-0"]
[WhiteElo "1821"]
[BlackElo "1812"]
[Annotator "Stockfish 14 (15s)"]
[PlyCount "53"]

{C21: Danish Gambit} 1. e4 e5 2. d4 exd4 3. Nf3 c5 4. c3 d5 (4... Nf6 5. e5 Ne4
6. Qe2 f5 7. exf6 d5 8. Nbd2 Bf5 9. Nxe4 dxe4 10. f7+ Kxf7 11. Ne5+ Ke8 12. g4
Bd6 13. gxf5 Bxe5 14. Bg2 Nc6 15. Bxe4 Kd7 16. Be3 Qf6 17. O-O-O Kc7 18. cxd4
cxd4 19. Bd2 {Sveshnikov,E (2530)-Mikhalchishin,A (2505) Riga 1985 1/2-1/2 (90)
}) (4... dxc3 5. Nxc3 a6 6. Bc4 Nc6 7. O-O Be7 8. Qd5 d6 9. Qxf7+ Kd7 10. Qxg7
Nf6 11. e5 Nh5 12. Qg4+ Kc7 13. Qxh5 d5 14. Nxd5+ Kb8 15. Bf4 b5 16. Nxe7 Nxe7
17. e6+ Ka7 18. Qxc5+ Kb7 19. Rfd1 {
De Dios Alija,R (2069)-Perez Santamarina,M Cambados 2005 1-0}) 5. exd5 Qxd5 6.
Bb5+ Bd7 $146 (6... Nc6 7. cxd4 cxd4 8. Bxc6+ Qxc6 9. O-O Bc5 10. Nxd4 Bxd4 11.
Qxd4 Ne7 12. Bg5 f6 13. Re1 Qd7 14. Bxf6 gxf6 15. Qxf6 Rg8 16. Nc3 Rg6 17. Qh8+
Kf7 18. Qxh7+ Rg7 19. Qh5+ Ng6 20. Rad1 Qf5 21. Qe2 {
Van der Linde,M (2203)-Michiels,R (2136) Belgium 2003 1-0 (59)}) 7. Qe2+ Be7 8.
Bc4 (8. O-O a6 9. Bc4 Qh5 10. cxd4 cxd4 11. Nxd4 Qxe2 12. Nxe2 Nf6 $11) 8...
Qf5 (8... Qh5 $142 $5 9. cxd4 Nf6 $11) 9. cxd4 Nf6 (9... Nc6 10. d5 Na5 11. b3
$11) 10. Nc3 O-O $4 (10... cxd4 $142 11. Nxd4 Qg6 $16) 11. Qxe7 $18 Nc6 (11...
cxd4 12. Nxd4 Qg4 13. Be3 $18) 12. Qxc5 Rae8+ (12... Rfe8+ 13. Be3 $18) 13. Be3
Qc2 (13... Rd8 14. O-O-O $18) 14. O-O Ng4 (14... Qxb2 15. Rab1 Qxc3 16. Bxf7+
Rxf7 17. Qxc3 $18) 15. Rfc1 (15. Bg5 Qg6 16. Rad1 h6 $18) 15... Qg6 16. Qg5 (
16. Bf4 Rc8 $18) 16... Qd6 (16... Nxe3 17. fxe3 Qxg5 18. Nxg5 Rxe3 19. Rf1 $18)
17. Bf4 Qb4 18. Nd5 (18. b3 $5 Qe7 $18) 18... Qxb2 19. Bg3 (19. Bd2 Nxd4 20.
Rab1 Nxf3+ 21. gxf3 Qd4 22. fxg4 Re4 $18) 19... Nxd4 20. Nxd4 (20. Rab1 Ne2+
21. Bxe2 Qxe2 $18) 20... Qxd4 21. Ne7+ Kh8 22. Nf5 Bxf5 23. Qxf5 Nf6 24. Bb5
Re7 (24... Rd8 25. Bf1 $18) 25. Rd1 Qb2 (25... Qe4 26. Qc5 Qe6 27. Qb4 $18) 26.
Rab1 Qxa2 (26... Qa3 27. Bd6 Re1+ 28. Bf1 Rxf1+ 29. Kxf1 Qa6+ 30. Qb5 Qxb5+ 31.
Rxb5 $18) 27. Bd6 (27. Bd6 Ree8 28. Bxf8 Rxf8 29. Rd6 $18) 1-0